| 000 | 00545nam a2200157 a 4500 | ||
|---|---|---|---|
| 001 | 000038223 | ||
| 005 | 20201002031213.0 | ||
| 008 | 130404s1990 dr 000 0 spa d | ||
| 040 |
_aDO-SdBNP _bspa _cBNPHU |
||
| 100 | 1 |
_aMena, Moises _964589 |
|
| 245 | 1 | 0 |
_aFiesta de sanidades hoy : _bmilagros del siglo XX / _cMoises y Nenita Mena, Freddy R. Peña. |
| 260 |
_aSan Francisco Macorís, República Dominicana : _bEducativa Dominicana , _c1990. |
||
| 300 |
_a108 p. : ; _c21 cm. |
||
| 700 | 1 |
_aMena, Nenita _964590 |
|
| 700 | 1 |
_aPeña, Freddy R. _964591 |
|
| 999 |
_c37713 _d37713 |
||